Biblioteca ESET

QuimCom : | química en la comunidad / (Registro nro. 1186)

Detalles MARC
000 -CABECERA
fixed length control field 01616nam#a2200445#a#4500
001 - NUMERO DE CONTROL
control field 014069
003 - CONTROL NUMBER IDENTIFIER
control field AR-BeUNQ
005 - FECHA Y HORA DE LA ULTIMA TRANSACCION
control field 20250227174948.0
007 - CAMPO FIJO DE DESCRIPCION FIJA - INFORMACION GENERAL
fixed length control field ta
008 - ELEMENTOS DE LONGITUD FIJA-INFORMACION GENERAL
fixed length control field 000511s1998 mx ad f 001 0 spa d
020 ## - NUMERO INTERNACIONAL NORMALIZADO PARA LIBROS
Número Internacional Normalizado del libro 9684443072
040 ## - FUENTE DE CATALOGACION
Agencia de catalogación original AR-BeUNQ
Idioma de catalogación ESPAÑOL
Agencia que realiza la transcripción AR-BeUNQ
Convenciones de la descripción aacr
041 ## - CODIGO DE IDIOMA
Código de idioma para texto/pista de sonido ESPAÑOL
Código de idioma original INGLES
082 04 - NUMERO DE CLASIFICACION DECIMAL DEWEYMBER
Número de clasificación 616.079
Número de la edición 21
099 ## - LOCAL FREE-TEXT CALL NUMBER (OCLC)
Classification number 22-A14
110 2# - ASIENTO PRINCIPAL-NOMBRE CORPORATIVO
Nombre corporativo o de jurisdicción como elemento de entrada American Chemical Society
245 10 - MENCION DE TITULO
Título QuimCom :
Otra información sobre el título química en la comunidad /
Mención de responsabilidad, etc American Chemical Society : veresión en español de Héctor Escalona ; con la colaboración técnica de Gerardo Ferrer Sueta ; adaptaciones de Bárbara Loeb L. y Manuel Martínez M.
246 1# - FORMA VARIANTE DEL TITULO
Título propiamente dicho/forma breve del título Química en la comunidad
250 ## - MENCION DE EDICION
Mención de edición 2a. ed.
260 ## - PUBLICACION, DISTRIBUCION, ETC.
Lugar de publicación, distribución, etc. Naucalpan de Juárez :
Nombre del editor, distribuidor, etc. Addison-Wesley Longman,
Fecha de publicación, distribución, etc 1998
300 ## - DESCRIPCION FISICA
Extensión 571 p. :
Otros detalles físicos il., gráficos ;
Dimensiones 28 cm.
500 ## - NOTA GENERAL
Nota general Traducción de: Chem com: chemistry in the community, c1993.
500 ## - NOTA GENERAL
Nota general Incluye índice.
650 #7 - ASIENTO SECUNDARIO DE MATERIA - TERMINO TEMATICO
Término temático o nombre geográfico como elemento de entrada Química
Fuente del encabezamiento o términ spines
650 #7 - ASIENTO SECUNDARIO DE MATERIA - TERMINO TEMATICO
Término temático o nombre geográfico como elemento de entrada AGUA
Fuente del encabezamiento o términ spines
650 #7 - ASIENTO SECUNDARIO DE MATERIA - TERMINO TEMATICO
Término temático o nombre geográfico como elemento de entrada Contaminación del agua
Fuente del encabezamiento o términ spines
650 #7 - ASIENTO SECUNDARIO DE MATERIA - TERMINO TEMATICO
Término temático o nombre geográfico como elemento de entrada Petroleo
Fuente del encabezamiento o términ spines
650 #7 - ASIENTO SECUNDARIO DE MATERIA - TERMINO TEMATICO
Término temático o nombre geográfico como elemento de entrada Química nuclear
Fuente del encabezamiento o términ spines
650 #7 - ASIENTO SECUNDARIO DE MATERIA - TERMINO TEMATICO
Término temático o nombre geográfico como elemento de entrada Salud
Fuente del encabezamiento o términ spines
650 #7 - ASIENTO SECUNDARIO DE MATERIA - TERMINO TEMATICO
Término temático o nombre geográfico como elemento de entrada Industria química
Fuente del encabezamiento o términ spines
653 ## - TERMINO DE INDIZACION - NO CONTROLADO
Término de indización no controlado Recursos químicos
700 1# - ASIENTO SECUNDARIO - NOMBRE DE PERSONA
Personal name Escalona, Héctor
Relator term tr.
700 1# - ASIENTO SECUNDARIO - NOMBRE DE PERSONA
Personal name Ferrer Sueta, Gerardo
700 1# - ASIENTO SECUNDARIO - NOMBRE DE PERSONA
Personal name Loeb L., Bárbara
700 1# - ASIENTO SECUNDARIO - NOMBRE DE PERSONA
Personal name Martínez M., Manuel
929 ## - DATOS DE ADQUISICION
Procedencia COMPRA
Proveedor Prometeo
Orden de compra Exp. 827-0504/99
Precio 22,90
Fecha de recibido 20000318
Número de inventario 27916
Es copia 1
929 ## - DATOS DE ADQUISICION
Procedencia COMPRA
Proveedor Prometeo
Orden de compra Exp. 827-0504/99
Precio 22,90
Fecha de recibido 20000318
Número de inventario 27917
Es copia 2
929 ## - DATOS DE ADQUISICION
Procedencia COMPRA
Proveedor Prometeo
Orden de compra Exp. 827-0504/99
Precio 22,90
Fecha de recibido 20000318
Número de inventario 27918
Es copia 3
942 ## - ELEMENTOS DE PUNTO DE ACCESO ADICIONAL (KOHA)
Tipo de ítem Koha Libros
Suppress in OPAC 0
Existencias
Estado de retiro Estado de pérdida Ubicación permanente Ubicación actual Ubicación en estantería Fecha de ingreso Total Checkouts Signatura topográfica completa Inventario Date last seen Número de copia Tipo de ítem Koha
    Biblioteca ESET - UNQ Biblioteca ESET - UNQ CIRCULACION 02/06/2016   616.079 AME 27917 27/02/2025 2 Libros
    Biblioteca ESET - UNQ Biblioteca ESET - UNQ CIRCULACION 02/06/2016   616.079 AME 27918 27/02/2025 3 Libros

ESET UNQ

☏ 4365-7188
 Avenida República de Francia 1714 entre Doctor Kenny y Concordia, Ezpeleta, Bs As.
✉ secretaria_eset@unq.edu.ar

Con tecnología Koha